| 000 -CABECERA |
| Longitud fija campo de control |
00458nam a2200169 a 4500 |
| 001 - NÚMERO DE CONTROL |
| Número de control |
5861 |
| 003 - IDENTIFICADOR DEL NÚMERO DE CONTROL |
| Identificador del número de control |
CDMR |
| 005 - FECHA Y HORA DE LA ÚLTIMA TRANSACCIÓN |
| Fecha y hora de la última transacción |
20131025104301.0 |
| 008 - CÓDIGOS DE INFORMACIÓN DE LONGITUD FIJA |
| Códigos de información de longitud fija |
130220s1973||||||||||||||||||||||||||||d |
| 040 ## - FUENTE DE LA CATALOGACIÓN |
| Centro catalogador de origen |
CDMR |
| Lengua de catalogación |
cat |
| Centro transcriptor |
CDMR |
| 100 1# - PUNTO DE ACCESO PRINCIPAL-NOMBRE DE PERSONA |
| Nombre de persona |
Daniel, Jean |
| 9 (RLIN) |
2887 |
| 245 13 - MENCIÓN DE TÍTULO |
| Título |
Le temps qui reste |
| Resto del título |
: essai d'autobiographie professionnelle |
| Mención de responsabilidad, etc. |
Jean Daniel |
| 260 ## - PUBLICACIÓN, DISTRIBUCIÓN, ETC. (PIE DE IMPRENTA) |
| Lugar de publicación, distribución, etc. |
Paris |
| Nombre del editor, distribuidor, etc. |
Stock |
| Fecha de publicación, distribución, etc. |
1973 |
| 300 ## - DESCRIPCIÓN FÍSICA |
| Extensión |
315 p. ; |
| Dimensiones |
14 cm |
| 490 0# - MENCIÓN DE SERIE |
| Mención de serie |
Le livre de poche |
| Designación de volumen o secuencia |
3881 |
| 942 ## - ENTRADA DE ELEMENTOS AGREGADOS (KOHA) |
| Koha [por defecto] tipo de item |
Monografies |
| Fuente de clasificaión o esquema |
|